Normal view
MARC view
Entry Personal Name
001 - CONTROL NUMBER
- control field: 17988
003 - CONTROL NUMBER IDENTIFIER
- control field: HDC
005 - DATE AND TIME OF LATEST TRANSACTION
- control field: 20230624073524.0
008 - FIXED-LENGTH DATA ELEMENTS
- fixed length control field: 210302|| aca||aabn | a|a d
040 ## - CATALOGING SOURCE
- Original cataloging agency: HDC
- Transcribing agency: HDC
100 ## - HEADING--PERSONAL NAME
- Personal name: Brown, Jessica
670 ## - SOURCE DATA FOUND
- Source citation: Work cat.: (HDC): Brown, Jessica, author, ENJOY JAPAN HALAL FOOD AND LOTS OF OTHER FACILITIES DURING YOUR TIP /, 2016
